Saikhik parimapan aru pari shangkhya bigyan (Record no. 6268)

MARC details
000 -LEADER
fixed length control field 00546cam a2200205ua 4500
008 - FIXED-LENGTH DATA ELEMENTS--GENERAL INFORMATION
fixed length control field 150804n ii |||gr||||Z||||||asm
040 ## - CATALOGING SOURCE
Transcribing agency MAIN
041 ## - LANGUAGE CODE
-- asm
082 ## - DEWEY DECIMAL CLASSIFICATION NUMBER
Classification number 371.2
100 ## - MAIN ENTRY--PERSONAL NAME
Personal name Das, Leela,
Relator term
245 ## - TITLE STATEMENT
Title Saikhik parimapan aru pari shangkhya bigyan
Statement of responsibility, etc. By Leela Das
250 ## - EDITION STATEMENT
Edition statement 5th rev.
260 ## - PUBLICATION, DISTRIBUTION, ETC.
Place of publication, distribution, etc. Golaghat:
Name of publisher, distributor, etc. Saraswati,
Date of publication, distribution, etc. 2012.
300 ## - PHYSICAL DESCRIPTION
Extent 328p.
942 ## - ADDED ENTRY ELEMENTS (KOHA)
Koha item type Books
653 ## - INDEX TERM--UNCONTROLLED
Uncontrolled term Schools & their activities special education
653 ## - INDEX TERM--UNCONTROLLED
Uncontrolled term Educational measurement
653 ## - INDEX TERM--UNCONTROLLED
Uncontrolled term Educational evaluation
Holdings
Withdrawn status Lost status Damaged status Not for loan Home library Current library Shelving location Date acquired Total Checkouts Full call number Barcode Date last seen Date last checked out Copy number Price effective from Koha item type
        Naharkatiya College Central Library Naharkatiya College Central Library General Stacks 19/09/2020 2 371.2 | DAS 21927 27/05/2024 14/05/2024 4 19/09/2020 Books
        Naharkatiya College Central Library Naharkatiya College Central Library General Stacks 19/09/2020   371.2 | DAS 21931 19/09/2020   5 19/09/2020 Books
        Naharkatiya College Central Library Naharkatiya College Central Library General Stacks 19/09/2020   371.2 | DAS 21932 19/09/2020   6 19/09/2020 Books
        Naharkatiya College Central Library Naharkatiya College Central Library General Stacks 19/09/2020   371.2 | DAS 21933 24/09/2021   3 19/09/2020 Books
        Naharkatiya College Central Library Naharkatiya College Central Library General Stacks 19/09/2020   370.15 | DAS 21934 19/09/2020   2 19/09/2020 Books
        Naharkatiya College Central Library Naharkatiya College Central Library General Stacks 19/09/2020 1 371.2 | DAS 21935 20/09/2022 02/09/2022 7 19/09/2020 Books
        Naharkatiya College Central Library Naharkatiya College Central Library General Stacks 19/09/2020   371.2 | DAS 21936 19/09/2020   1 19/09/2020 Books

Naharkatiya College © 2020. All rights reserved.

Powered By